Welcome to CU Library Online Public Access Catalogue (OPAC)

The All England Law Reports 1962 Vol. 3 (Record no. 1685)

MARC details
000 -LEADER
fixed length control field 00841nam a22001937a 4500
003 - CONTROL NUMBER IDENTIFIER
control field OSt
005 - DATE AND TIME OF LATEST TRANSACTION
control field 20241128105202.0
008 - FIXED-LENGTH DATA ELEMENTS--GENERAL INFORMATION
fixed length control field 241128b |||||||| |||| 00| 0 eng d
040 ## - CATALOGING SOURCE
Transcribing agency Central University Library
245 ## - TITLE STATEMENT
Title The All England Law Reports 1962 Vol. 3
Statement of responsibility, etc. Editors: Cyril King, Q.C.; and J. T. Edgerley
260 ## - PUBLICATION, DISTRIBUTION, ETC.
Place of publication, distribution, etc. London, United Kingdom
Name of publisher, distributor, etc. Butterworth & Co. (Publishers) Ltd.
Date of publication, distribution, etc. 1962
300 ## - PHYSICAL DESCRIPTION
Extent xxxix, 1120 pages
Dimensions 23.5 cm
490 ## - SERIES STATEMENT
Materials specified Law Reports
500 ## - GENERAL NOTE
General note THE ALL ENGLAND LAW REPORTS INCORPORATING THE LAW TIMES REPORTS AND LAW JOURNAL REPORTS - 1962 VOLUME 3.
600 ## - SUBJECT ADDED ENTRY--PERSONAL NAME
Source of heading or term Law Reports
General subdivision England
700 ## - ADDED ENTRY--PERSONAL NAME
Personal name Cyril King, Q.C. (Bencher of Middle Temple)
Relator term Consulting Editor for Taxation Cases
700 ## - ADDED ENTRY--PERSONAL NAME
Personal name J. T. Edgerley, (of the Inner Temple and Lincoln's Inn, Barristers-at-Law)
Relator term General Editor
942 ## - ADDED ENTRY ELEMENTS (KOHA)
Source of classification or shelving scheme Library of Congress Classification
Koha item type Books
Suppress in OPAC No

No items available.

© 2023-2024 Copyright: Central University Libraries. All Rights Reserved | Created by: Mahone Tech Office